| 000 | 00532nam a2200169 a 4500 | ||
|---|---|---|---|
| 001 | 000023481 | ||
| 005 | 20200930022241.0 | ||
| 008 | 101209s1958 xxu r 000 0 spa d | ||
| 040 |
_aDO-SdBNP _bspa _cBNPHU |
||
| 082 |
_axxxx _bV217e |
||
| 100 | 1 |
_aVan Ness, Bethann F. _948379 |
|
| 245 | 1 | 0 |
_aEsta es mi biblia / _cBethann F. Van Ness ; traducción por M. S. Blair. |
| 260 |
_aTexas, Estados Unidos : _bCasa Bautista de Publicaciones, _c1958. |
||
| 300 |
_a122 p. ; _c17 cm. |
||
| 700 | 1 |
_aBlair, M. S., _etr. _948380 |
|
| 049 | _aBNGR | ||
| 999 |
_c22977 _d22977 |
||